000 01486ngm a22003370a 4500
001 PT25406
003 AR-LpoUNG
005 20210202000355.0
007 vd cvaizq
008 191001s2006||||ag |||||||||||||||||spa d
037 _c$7,8
040 _aAR-LpoUNG
_bspa
_cAR-LpoUNG
_eaacr
041 _aspa
044 _aag
082 0 _a305.4 636cle
100 1 _aMignogna, Eduardo
_edir.
245 1 0 _aCleopatra
260 _aSan Luis :
_bAVH,
_c2006.
300 _aDVD (104 min.) : son., col.
505 0 _aDiálogos en español, subtítulos en inglé. Fecha de estreno 1998. Editor: Juan Carlos Macías - Fotografía: Marcelo Camorino.
520 _aCleo es una maestra jubilada, casada, y madre de dos hijos que viven lejos de Buenos Aires. Hasta ahora, Cleo ha sido todo cuanto se esperaba de ella: buena madre, buena esposa, luchadora y compañera. Pero ni ella misma sabe lo que puede llegar a ser si se lo propone. Sandra, en cambio, es todo lo que los demás han hecho de ella: estrella de televisión subida al tren de la fama, alocada, bulímica, caprichosa... En el fondo, una provinciana desprotegida cuyo ímpetu aún debe medir. Setenta y dos horas serán suficientes para que ambas mujeres empiecen a ser, de una vez por todas, ellas mismas.
650 4 _aARGENTINA
650 4 _aFAMILIA
650 4 _aRELACIONES HUMANAS
651 4 _aArgentina
653 _aCINE ARGENTINO
653 _aDVD
653 _aVIDEOS
905 _a25406
942 _cDVD
999 _c54738
_d54738